Geography Quiz

Random Geography or City Quiz
Score 0/12 Timer 00:45
2 Plays Today
% Correct
Buenos Aires
97.4%
Lima
95.1%
São Paulo
94.4%
Bogotá
92.5%
Santiago
91.5%
Caracas
88.7%
Montevideo
84.5%
Asunción
76.8%
Georgetown
72.8%
Paramaribo
64%
Guayaquil
60.6%
Santa Cruz
59.2%
Come Together.
Have Fun.
All Virtual.
We all need to come together. Play Sporcle's virtual live trivia to have fun, connect with people, and get your trivia on. Join a live hosted trivia game for your favorite pub trivia experience done virtually. If a virtual private party is more your thing, go here for details.

You're not logged in!

Compare scores with friends on all Sporcle quizzes.
OR
Log In

Sporcle TV

Today on Sporcle TV


Watch our educational content, quiz creation guides, and fun videos on Sporcle TV.

Show Comments

Extras

Top Quizzes Today


Score Distribution

Paid Content

Your Account Isn't Verified!

In order to create a playlist on Sporcle, you need to verify the email address you used during registration. Go to your Sporcle Settings to finish the process.

Report this User

Report this user for behavior that violates our Community Guidelines.

Details: